Anatomie vraždy /

Úvodní román série od úspěšné americké autorky, nositelky žánrového ocenění Daphne du Maurier Award, nás zavádí na skotskou Vysočinu a představuje nám výjiměčnou ženu, která svými schopnostmi a znalostmi narušuje konvence doby.

Uloženo v:
Série:Kiera Darbyová, část 1
Hlavní autor: Huber, Anna Lee (Autor)
Další autoři: Martinová, Michaela (Autor)
Médium: Kniha
Jazyk:Czech
Vydáno: Brno : MOBA, 2026
Vydání:Vydání první
Edice:Anglická detektivka
Témata:
Celkem bylo vypůjčeno:0x
Příbuzné jednotky:Z cyklu:: Kiera Darbyová
Tagy:
Žádné tagy
LEADER 02480nam a2200457 i 4500
001 106690
003 CZ PrSKC
005 20260701110244.0
007 ta
008 260626s2026 xr g 000 f cze
015 |a cnb003739903 
020 |a 9788027924806  |q (vázáno) 
040 |a ABG001  |b cze  |e rda 
041 1 |a cze  |h eng 
072 7 |a 821.111(73)-3  |x Americká próza  |2 Konspekt  |9 25 
080 |a 821.111(73)-31  |2 MRF 
080 |a (0:82-312.4)  |2 MRF 
100 1 |a Huber, Anna Lee  |7 xx0346510  |4 aut  |9 117543 
240 1 0 |a Anatomist's wife.  |l Česky 
245 1 0 |a Anatomie vraždy /  |c Anna Lee Huber ; překlad Michaela Martinová 
250 |a Vydání první 
264 1 |a Brno :  |b MOBA,  |c 2026 
300 |a 376 stran ;  |c 21 cm 
336 |a text  |b txt  |2 rdacontent 
337 |a bez média  |b n  |2 rdamedia 
338 |a svazek  |b nc  |2 rdacarrier 
490 1 |a Anglická detektivka 
500 |a Přeloženo z angličtiny 
520 2 |a Úvodní román série od úspěšné americké autorky, nositelky žánrového ocenění Daphne du Maurier Award, nás zavádí na skotskou Vysočinu a představuje nám výjiměčnou ženu, která svými schopnostmi a znalostmi narušuje konvence doby.  |b Skotsko, 1830. Po smrti manžela se lady Kiera Darbyová uchýlí na odlehlé sestřino panství, kde se snaží najít klid pro svou vášeň - malování. Když však její hostitelé na hradě uspořádají večírek pro londýnskou smetánku, Kiera se rázem stane terčem pomluv. Považují ji totiž za stejně výstřední, jako byl její zesnulý manžel - anatom, který její umělecký talent využíval pro své vlastní morbidní účely. Lady Darbyová by nejraději nechala minulost za sebou, ale když je jedna z pozvaných šlechtičen zavražděna, využije svých znalostí lidského těla a pomáhá Sebastianu Gageovi, dalšímu z hostů, s vyšetřováním. 
655 7 |a americké romány  |7 fd131796  |2 czenas  |9 53403 
655 7 |a detektivní romány  |7 fd132010  |2 czenas  |9 53536 
655 9 |a American fiction  |2 eczenas 
655 9 |a detective novels  |2 eczenas 
700 1 |a Martinová, Michaela  |7 xx0211974  |4 trl  |9 30940 
710 2 |a Nakladatelství MOBA  |7 ko2011627903  |4 pbl  |9 117207 
787 0 8 |i Z cyklu:  |t Kiera Darbyová  |g 1 
830 0 |a Anglická detektivka 
910 |a UOG502 
942 |2 ddc  |c KN 
999 |d 106690 
993 |0 0  |1 421180107415  |2 ddc  |4 0  |7 0  |9 100193  |b 0  |c 107415  |d 2026-07-01  |e 0  |f DOSP  |h 449.00  |i Koupě  |l DOSP  |r 2026-07-01  |t 6  |w 2026-07-01  |y KN  |z KRIMI  |n